LOS OJOS DE LOS GUERRILLEROS/

Sábháilte in:
Sonraí bibleagrafaíochta
Príomhchruthaitheoir: Masuhr, Dieter (autor)
Formáid: LEABHAR
Ábhair:
Clibeanna: Cuir clib leis
Níl clibeanna ann, Bí ar an gcéad duine le clib a chur leis an taifead seo!

MARC

LEADER 00000nam^a2200000^a^4500
001 000223776
005 20250521000000.0
009 20260310104027.571
035 |a 041285 
037 |a Acervo Xavier Clavigero 
082 |a 756.  |b MAS 
100 |a Masuhr, Dieter  |e (autor) 
245 1 4 |a LOS OJOS DE LOS GUERRILLEROS/  |c DIETER MASUHR 
264 |a NICARAGUA :  |b NUEVA NICARAGUA,  |c 1985 
300 |a 174p. :  |b retrs. 
336 |a texto  |b txt  |2 rdacontenido 
337 |a sin mediación  |b n  |2 rdamedio 
338 |a volumen  |b nc  |2 rdasoporte 
649 |a XX 
650 |a PINTURAS NICARAGUENSES 
650 |a REVOLUCIONARIOS NICARAGUENSES 
910 |a Fondo General 
920 |a Impresos - Libros 
930 |a Colección General 
905 |a 101 
901 |a 041285  |b IT1  |c ACC  |i 041285  |u 20250521 
902 |a https://opac.biblio.iteso.mx/vufind/Record/000223776